Lễ hội Đền Chiêu Trưng Đại Vương Lê Khôi ở xã Thạch Kim, Huyện Lộc Hà, tỉnh Hà Tĩnh

Khái quát về môi trường tự nhiên và xã hội của Huyện Lộc Hà, tỉnh Hà Tĩnh. Quần thể kiến trúc Đền Lê Khôi. Ngư dân vùng biển cửa sót với lễ hội đền Chiêu Trưng Đại Vương Lê Khôi.

Gorde:
Xehetasun bibliografikoak
Egile nagusia: Lê, Đình Sương
Beste egile batzuk: Lương, Vĩnh An Th.S (Hướng dẫn)
Formatua: Liburua
Hizkuntza:Vietnamese
Argitaratua: Đà Nẵng Đà Nẵng Trường Đại học Sư phạm 2009
Gaiak:
Etiketak: Etiketa erantsi
Etiketarik gabe, Izan zaitez lehena erregistro honi etiketa jartzen!
Thư viện lưu trữ: Mạng thư viện Đại học Đà Nẵng
LEADER 01317nam a2200313 4500
001 000010998
003 7226
005 20120109080129.0
008 120109s2009 viesd
041 |a vie 
072 |a Khóa luận tốt nghiệp 
082 |a 390  |b LÊ-S 
100 1 |a Lê, Đình Sương 
245 1 |a Lễ hội Đền Chiêu Trưng Đại Vương Lê Khôi ở xã Thạch Kim, Huyện Lộc Hà, tỉnh Hà Tĩnh  |c Lê, Đình Sương 
260 |a Đà Nẵng Đà Nẵng  |b Trường Đại học Sư phạm  |c 2009 
300 |a 67 tr. [22 tr.]  |b ảnh  |c 29 cm 
500 |a Khóa luận tốt nghiệp Đại học. Chuyên ngành: Ngành Cử nhân Ngữ văn 
520 |a Khái quát về môi trường tự nhiên và xã hội của Huyện Lộc Hà, tỉnh Hà Tĩnh. Quần thể kiến trúc Đền Lê Khôi. Ngư dân vùng biển cửa sót với lễ hội đền Chiêu Trưng Đại Vương Lê Khôi. 
653 |a Khoa Ngữ văn 
653 |a Khóa luận tốt nghiệp Đại học 
700 1 |a Lương, Vĩnh An  |c Th.S  |e Hướng dẫn 
OWN |a LSP 
999 |a From the UDN01 
TYP |a Monograph 
TYP |a Printed language 
980 |a Mạng thư viện Đại học Đà Nẵng